Zachraňme naši planetu! : globální krize klimatu /

Main Author: Schätzing, Frank, 1957-
Other Authors: Čížek, Vítězslav, 1952-
Language: Czech
Published: Praha : Euromedia Group, 2022
Edition: Vydání první
Series: Universum (Euromedia Group)
Subjects:
Physical Description: 309 stran ; 21 cm
Book
Saved in:
LEADER 02215nam a2200589 i 4500
001 nkc20213353215
003 CZ PrNK
005 20220323083928.0
007 ta
008 210921s2022 xr e f 000 0 cze
015 |a cnb003353215 
020 |a 978-80-242-7819-3  |q (vázáno) 
035 |a (OCoLC)1310112170 
040 |a OLA001  |b cze  |e rda 
041 1 |a cze  |h ger 
072 7 |a 504  |x Znečištění a poškození životního prostředí  |2 Konspekt  |9 2 
080 |a 504.7:551.583  |2 MRF 
080 |a 504  |2 MRF 
080 |a 504.7  |2 MRF 
080 |a 502.1  |2 MRF 
080 |a 502.17:551.58  |2 MRF 
080 |a (0.062)  |2 MRF 
100 1 |a Schätzing, Frank,  |d 1957-  |7 xx0041940  |4 aut 
240 1 0 |a Was, wenn wir einfach die Welt retten?.  |l Česky 
245 1 0 |a Zachraňme naši planetu! :  |b globální krize klimatu /  |c Frank Schätzing ; z německého originálu Was, wenn wir einfach die Welt retten? ... přeložil Vítězslav Čížek 
250 |a Vydání první 
264 1 |a Praha :  |b Euromedia Group,  |c 2022 
300 |a 309 stran ;  |c 21 cm 
336 |a text  |b txt  |2 rdacontent 
337 |a bez média  |b n  |2 rdamedia 
338 |a svazek  |b nc  |2 rdacarrier 
490 1 |a Universum 
650 0 7 |a klimatické změny  |7 ph134843  |2 czenas 
650 0 7 |a ekologická krize  |7 ph119796  |2 czenas 
650 0 7 |a globální oteplování  |7 ph116354  |2 czenas 
650 0 7 |a člověk a životní prostředí  |7 ph135365  |2 czenas 
650 0 7 |a ochrana klimatu  |7 ph502995  |2 czenas 
650 0 9 |a climate changes  |2 eczenas 
650 0 9 |a ecological crisis  |2 eczenas 
650 0 9 |a global warming  |2 eczenas 
650 0 9 |a man and environment  |2 eczenas 
650 0 9 |a climate protection  |2 eczenas 
655 7 |a populárně-naučné publikace  |7 fd131864  |2 czenas 
655 9 |a popular works  |2 eczenas 
700 1 |a Čížek, Vítězslav,  |d 1952-  |7 jn19981002699  |4 trl 
830 0 |a Universum (Euromedia Group)  |0 s 
910 2 |a BOA001  |b 2-1480.349 
990 |a BK 
995 |a 01 
991 |b 202202  |c NOV 
996 6 |b 2610892395  |c 2-1480.349  |l MZK  |r Sklad / do 1 hodiny  |n 1  |p p.v.  |w 001876163  |u 000010  |a 1  |e BOA001  |j MZK50  |s P 
996 7 |b 2610895582  |c 2-1480.349  |l Vol.výběr  |r VV 0p  |n 6  |p kup  |h 504 SCH  |w 001876163  |u 000020  |a 0  |e BOA001  |j MZK50  |s A